[Event "BUL Team Ch"]
[Site "Bankia"]
[Date "1991.??.??"]
[Round "8"]
[White "Kurtenkov, Atanas"]
[Black "Dimitrov, Vladimir"]
[Result "1-0"]
[WhiteElo "2365"]
[BlackElo "2465"]
[PlyCount "87"]
[EventDate "1991.??.??"]
[Source "www.chesslib.no"]
[SourceDate "2004.05.04"]

1. c4 Nf6 2. Nf3 g6 3. b3 Bg7 4. Bb2 O-O 5. g3 d6 6. Bg2 e5 7. O-O Nbd7 8. Nc3 Re8 9. d3 h6 10. Qc2 Nh5 11. e4 Nc5 12. Rad1 Ne6 13. Ne2 c5 14. Nc3 Rf8 15. Nd5 f5 16. exf5 gxf5 17. Nd2 f4 18. g4 Nf6 19. h3 h5 20. Nxf6+ Rxf6 21. f3 Rh6 22. Ne4 b6 23. Bc3 Bb7 24. Be1 Bf6 25. Nxf6+ Qxf6 26. h4 Nd4 27. Qf2 Rg6 28. g5 Qd8 29. Qb2 a5 30. Rb1 Bc6 31. Qd2 Ra7 32. Qd1 Qa8 33. Bc3 Nf5 34. Qe1 Rag7 35. Qf2 b5 36. Rfe1 b4 37. Bb2 a4 38. Bh3 Ne3 39. Bc1 Bxf3 40. Bxe3 fxe3 41. Rxe3 Rf7 42. Rf1 Bd5 43. Bf5 Bc6 44. Be6 1-0

[Event "Peer Gynt"]
[Site "Gausdal NOR"]
[Date "1990.??.??"]
[Round "2"]
[White "Schneider, Lars-Ake"]
[Black "Stefansson, Hannes H"]
[Result "1/2-1/2"]
[WhiteElo "2405"]
[BlackElo "2420"]
[PlyCount "130"]
[EventDate "1990.07.??"]
[Source "www.chesslib.no"]
[SourceDate "2004.05.04"]

1. c4 Nf6 2. Nf3 g6 3. b3 Bg7 4. Bb2 O-O 5. g3 d6 6. Bg2 e5 7. O-O Re8 8. Nc3 c6 9. d4 e4 10. Ne1 d5 11. f3 exf3 12. exf3 dxc4 13. bxc4 Na6 14. Nc2 Bf5 15. Kh1 h5 16. Qd2 Qb6 17. Rab1 Rad8 18. Ba1 Qc7 19. Rbe1 Rxe1 20. Rxe1 Nc5 21. Ne4 Ncd7 22. Ne3 Bxe4 23. fxe4 h4 24. gxh4 Qf4 25. Rf1 Qxh4 26. Qf2 Qxf2 27. Rxf2 Bh6 28. Re2 Nh5 29. Bf3 Nf4 30. Rb2 b6 31. Rb3 Bg7 32. Bb2 c5 33. d5 Bxb2 34. Rxb2 Nd3 35. Rd2 N3e5 36. Bd1 Re8 37. Kg2 Nf6 38. Bc2 Kf8 39. h3 Ke7 40. Rf2 Rh8 41. Rf1 Rh5 42. a4 Rg5+ 43. Kf2 a5 44. Rb1 Ned7 45. h4 Rh5 46. Kg3 Kd6 47. Ng4 Nxg4 48. Kxg4 Ke5 49. Kg3 g5 50. hxg5 Rxg5+ 51. Kf3 Rg6 52. Rd1 Kd6 53. Rb1 Rf6+ 54. Ke3 Rh6 55. Bd3 Ke5 56. Be2 Rh4 57. Bf3 f5 58. exf5 Rxc4 59. d6 Rc3+ 60. Ke2 Kxd6 61. f6 Rc4 62. Ke3 Rxa4 63. f7 Ra3+ 64. Kf4 Ke7 65. Bc6 Nf8 1/2-1/2

[Event "29. POL-ch"]
[Site "?"]
[Date "1972.02.09"]
[Round "3"]
[White "Adamski Jan"]
[Black "Kostro Jerzy"]
[Result "1/2-1/2"]
[WhiteElo "2415"]
[BlackElo "2405"]
[PlyCount "33"]
[EventDate "1972.??.??"]
[Source "www.chesslib.no"]
[SourceDate "2004.05.04"]

1. c4 Nf6 2. Nf3 c6 3. Nc3 d5 4. e3 e6 5. b3 Nbd7 6. Bb2 b6 7. d4 Be7 8. Bd3 Bb7 9. O-O O-O 10. Qe2 c5 11. Rad1 cxd4 12. exd4 Re8 13. Ne5 Bf8 14. f4 g6 15. Rf2 Rc8 16. Rdf1 Nb8 17. Nb5 1/2-1/2